Bài phát biểu của đại diện các tổ chức quốc tế /
Spremljeno u:
| Glavni autor: | |
|---|---|
| Format: | Članak |
| Jezik: | Vietnamese |
| Oznake: |
Dodaj oznaku
Bez oznaka, Budi prvi tko označuje ovaj zapis!
|
| Thư viện lưu trữ: | Thư viện Trường Đại học Đà Lạt |
|---|
| LEADER | 00666nam a2200229 4500 | ||
|---|---|---|---|
| 001 | DLU120140907 | ||
| 005 | ##20120919 | ||
| 040 | # | # | |a DLU |b vie |
| 041 | # | # | |a vie |
| 044 | # | # | |a vn |
| 100 | # | # | |a Ryan, Jordan. |
| 245 | # | # | |a Bài phát biểu của đại diện các tổ chức quốc tế / |c Jordan Ryan. |
| 773 | # | # | |t Hội nghị môi trường toàn quốc 2005 |g 2005, tr. 14-16 |
| 920 | # | # | |a Phòng Tạp chí -- Trung tâm Thông tin - Thư viện Trường Đại học Đà Lạt |
| 994 | # | # | |a DLU |
| 900 | # | # | |a True |
| 911 | # | # | |a Lý Thị Hồng Hạnh |
| 925 | # | # | |a G |
| 926 | # | # | |a A |
| 927 | # | # | |a BB |
| 980 | # | # | |a Thư viện Trường Đại học Đà Lạt |